Kuriér DHL dvojmesačník pre zákazníkov a partnerov DHL International (Slovakia)

Bibliographic Details
New Title:Svet DHL
Other Authors: Bolgáčová, Katarína (Iso), Frčová, Katarína (Iso)
Format: Journal
Language:Slovak
PhysicalDescription:4 zv. 30 cm
Published: Bratislava DHL International (Slovakia) [2001]-2005
Bratislava DHL Express (Slovakia)
Subjects:

MARC

LEADER 00000cas a2200000 a 4500
001 vtls008413772
003 SK-MaSNL
005 20260228160938.0
008 051206d20012005xo br|p 0 b0slo
040 |a SVKPO  |b slo  |c SVKPO  |d SNK  |e AACR2 
041 0 |a slo 
044 |a xo  |c SK 
072 7 |a 656  |x Doprava  |2 konspekt 
072 7 |a 005  |x Manažment. Riadenie  |2 konspekt 
080 |a 656.025.4  |2 2011 
080 |a 005.51  |2 2011 
080 |a 050  |2 2001 
080 |a (051)-048.55  |2 2011 
245 0 0 |a Kuriér DHL  |b dvojmesačník pre zákazníkov a partnerov DHL International (Slovakia) 
260 |a Bratislava  |b DHL International (Slovakia)  |c [2001]-2005 
260 3 |3 2005  |a Bratislava  |b DHL Express (Slovakia) 
300 |a 4 zv.  |c 30 cm 
310 |a 1x za 2 mesiace 
362 0 |a [2001]-č. nov. (2005) 
500 |a Reg. číslo: MK SR 2863/2002 
500 |a Zodp. red.: Č. okt. (2002)-č. mar. (2005), Katarína Bolgáčová ; č. máj (2005)-č. nov. (2005), Katarína Frčová 
500 |a Pravdepodobne vychádza od r. 2001 
500 |a V r. 2005 v tiráži podnázov: dvojmesačník pre zákazníkov a partnerov DHL Express (Slovakia) 
500 |a Od r. 2004-2005 podnázov: dvojmesačník pre zákazníkov a partnerov DHL 
610 2 7 |a DHL International (Slovakia)  |2 SNKKA  |9 267657 
610 2 7 |a DHL Express (Slovakia)  |2 SNKKA  |9 267658 
650 0 7 |a preprava tovaru  |2 SNKPH  |9 31438 
650 0 7 |a logistika (manažment)  |2 SNKPH  |9 3620 
655 7 |a špecializované časopisy  |2 SNKPH  |9 70509 
700 1 |a Bolgáčová, Katarína  |4 Iso  |9 267659 
700 1 |a Frčová, Katarína  |4 Iso  |9 267660 
785 0 0 |t Svet DHL  |w vtls008832303 
850 |a Štátna vedecká knižnica v Prešove 
910 |a snk 
999 |c 3973  |d 5903 
952 |0 0  |1 0  |4 0  |7 0  |8 0  |a SNK  |b SNK  |d 2018-11-16  |i snk2018/24249  |l 0  |o snkČSB 6870/2002  |p 17A1340876  |r 2026-02-21 22:06:08  |t len č. okt.  |w 2026-02-21  |y PREZ 
952 |0 0  |1 0  |4 0  |7 0  |8 0  |a SNK  |b SNK  |d 2018-11-16  |i snk2018/24252  |l 0  |o snkČSB 6870/2003  |p 17A1340875  |r 2026-02-21 22:06:08  |t č. febr.-nov.  |w 2026-02-21  |y PREZ 
952 |0 0  |1 0  |4 0  |7 0  |8 0  |a SNK  |b SNK  |d 2018-11-16  |i snk2018/24256  |l 0  |o snkČSB 6870/2004  |p 17A1340874  |r 2026-02-21 22:06:08  |t č. jan.-nov., neúplné  |w 2026-02-21  |y PREZ  |z Chýba č. máj 
952 |0 0  |1 0  |4 0  |7 0  |8 0  |a SNK  |b SNK  |d 2018-11-16  |i snk2018/24260  |l 0  |o snkČSB 6870/2005  |p 17A1340873  |r 2026-02-21 22:06:08  |t č. jan.-nov.  |w 2026-02-21  |y PREZ